|
|
|
|
| LEADER |
00861nam a2200229 a 4500 |
| 001 |
000557599 |
| 003 |
CZ BrMZK |
| 005 |
20130423062116.0 |
| 008 |
000105s1991 xr f cze d |
| 015 |
|
|
|a cnb000066610
|
| 040 |
|
|
|a BOA001
|b cze
|
| 080 |
|
|
|a 655(437.1)"15":92 Melantrich z Aventýna
|2 MRF
|
| 100 |
1 |
|
|a Pešek, Jiří,
|d 1954-
|7 jn19990209647
|
| 245 |
1 |
0 |
|a Jiří Melantrich z Aventýna :
|b příběh pražského arcitiskaře /
|c Jiří Pešek.
|
| 260 |
|
|
|a Praha :
|b Melantrich,
|c 1991
|
| 300 |
|
|
|a 40 s.
|
| 490 |
1 |
|
|a Slovo k historii ;
|v 32
|
| 830 |
|
0 |
|a Slovo k historii
|0 s
|
| 856 |
4 |
1 |
|u http://www.digitalniknihovna.cz/mzk/uuid/uuid:bff0a030-aca7-11e2-8b87-005056827e51
|y Digitalizovaný dokument
|x NDK
|
| 910 |
|
|
|a BOA001
|b X2-0973.711
|
| 990 |
|
|
|a BK
|
| 996 |
6 |
|
|b 2619717913
|c X2-0973.711
|l MZK
|r Sklad / do 24 hodin
|n 19
|w 000557599
|u 000010
|a 1
|e BOA001
|j MZK50
|s P
|